000 00664nam a2200241 a 4500
001 75326
003 BD-RjUL
005 20211209082655.0
008 500101s1967 xx i 001 0 eng d
020 _a9653910027
035 _a(BD-RjUL)75544)
040 _aNYP
_cNYP
_dUkOxU
_beng
041 0 _aengheb
082 _223
_a958.103
_bGRA 1967
092 _aD0401135203
100 1 _aGriffiths, John C.
_9228782
245 1 0 _aAfghanistan /
_cJohn C. Griffiths
260 _aLondon :
_bPall Mall,
_c1967
300 _a179 p. ;
_c22 cm
504 _aIncludes bibliographical references and Index
650 0 _aHistory
_zAfghanistan
_y1747
_9228783
942 _2ddc
_cBK
999 _c75326
_d75326